El Neoinstitucionalismo, una revolución del pensamiento económico /
Desde los años setenta las obras de Douglas C. North han destacado la importancia de las instituciones en el desempeño económico Sus ideas han dado origen a la línea de estudio que examina la transición actual hacia el mercado y la democracia, cuyas principales aportaciones se describen en el texto....
Saved in:
| Main Author: | |
|---|---|
| Other Authors: | |
| Format: | Text |
| Subjects: | |
| Tags: |
Add Tag
No Tags, Be the first to tag this record!
|
MARC
| LEADER | 00000 a a2200000 04500 | ||
|---|---|---|---|
| 001 | 3493 | ||
| 003 | |||
| 040 | |||
| 100 | |a Ayala Espino, José | ||
| 245 | |a El Neoinstitucionalismo, una revolución del pensamiento económico / |c José Ayala Espino ; Juan González García | ||
| 520 | |a Desde los años setenta las obras de Douglas C. North han destacado la importancia de las instituciones en el desempeño económico Sus ideas han dado origen a la línea de estudio que examina la transición actual hacia el mercado y la democracia, cuyas principales aportaciones se describen en el texto. REV/SCM | ||
| 650 | |a POLITICA | ||
| 650 | |a DEMOCRACIA | ||
| 650 | |a ESTADO | ||
| 650 | |a GOBIERNO | ||
| 650 | |a CRECIMIENTO ECONOMICO | ||
| 700 | |a González García, Juan | ||
| 773 | |g volumen 51, número 1; páginas 44-57 | ||
| 999 | |c 31612 |d 31612 | ||
